Random Capital Cities in Bordering Country's Language - Statistics

General Stats
  • This quiz has been taken 466 times
    264 since last reset
  • The average score is 21 of 30
Answer Stats
Translation Capital & Language % Correct
Abuja Capital Abuja
100%
أبوجا (ạ̉bwjạ) Capital Abuja
100%
Accra Capital Accra
100%
Addis Ababa Capital Addis Ababa
100%
ኣዲስ ኣበባ (ʼādise ʼābabā) Capital Addis Ababa
100%
Maseru Language Afrikaans / Northern Sotho / Sotho / Tsonga / Tswana / Venda
100%
Windhoek Language Afrikaans / Northern Sotho / Southern Sotho / Tsonga / Venda
100%
Beogradi Language Albanian
100%
ሞቃዲሾ (mok’adīsho) Language Amharic
100%
ካርቱም (kāretume) Language Amharic / Tigrinya
100%
Andorra la Vieja Capital Andorra la Vella
100%
ანკარა (ank'ara) Capital Ankara
100%
Անկարա (Ankara) Capital Ankara
100%
Ankara Capital Ankara
100%
آنکارا (ānkārā) Capital Ankara
100%
Άγκυρα (Ágkyra) Capital Ankara
100%
باماكو (bāmākū) Language Arabic
100%
بيروت (baẙrūt) Language Arabic
100%
القاهرة (ạl̊-qāhiraẗ) Language Arabic
100%
جوبا (jūbā) Language Arabic
100%
انجمينا (ān-ǧmynā) Language Arabic
100%
الرياض (al-rīāḍ) Language Arabic
100%
طهران (ṭhrān) Language Arabic
100%
تونس (tūns) Language Arabic
100%
Անկարա (Ankara) Language Armenian
100%
Բաքու (Bak'u) Language Armenian
100%
Ашхабад (Ašhabad) Capital Ashgabat
100%
Asmara Capital Asmara
100%
阿斯塔納 (ā sī tǎ nà) Capital Astana
100%
Asunsyun Capital Asunción
100%
Asunsiyun Capital Asunción
100%
Assunção Capital Asunción
100%
Athina Capital Athens
100%
Атина (Atina) Capital Athens
100%
İrəvan Language Azerbaijani
100%
بغداد (baghdād) Capital Baghdad
100%
Bakü Capital Baku
100%
Բաքու (Bak'u) Capital Baku
100%
باماكو (bāmākū) Capital Bamako
100%
Bamako Capital Bamako
100%
Dakar Language Bambara / French
100%
ບາງກອກ (bangkok) Capital Bangkok
100%
បាងកក (bangokak) Capital Bangkok
100%
Bangkok Capital Bangkok
100%
Banjul Capital Banjul
100%
베이징시 (Peijing-si) Capital Beijing
100%
Бээжин (Beejin) Capital Beijing
100%
Бейжің (Beyzhìng) Capital Beijing
100%
بیجنگ (beijing) Capital Beijing
100%
बेइजिङ (bēijina) Capital Beijing
100%
ပေကျင်း (pay kyinn) Capital Beijing
100%
ປັກກິ່ງ (pakking) Capital Beijing
100%
بيروت (baẙrūt) Capital Beirut
100%
Вільня (Vіlʹnja) Language Belarusian
100%
Belgrad Capital Belgrade
100%
Белград (Belgrad) Capital Belgrade
100%
Beogradi Capital Belgrade
100%
Belmopán Capital Belmopan
100%
Tunes Language Berber
100%
Berlin Capital Berlin
100%
Berlín Capital Berlin
100%
Berlino Capital Berlin
100%
Bern Capital Bern
100%
Berna Capital Bern
100%
Berne Capital Bern
100%
Бишкек (Bishkek) Capital Bishkek
100%
Bissau Capital Bissau
100%
iBloemfonteni Capital Bloemfontein
100%
Bloemfontein Capital Bloemfontein
100%
Bogotá Capital Bogotá
100%
Bratysława Capital Bratislava
100%
Bratislava Capital Bratislava
100%
Bréissel Capital Brussels
100%
Бухарест (Bukharest) Capital Bucharest
100%
Букурешт (Bukurešt) Capital Bucharest
100%
Bukarest Capital Bucharest
100%
Budapesta Capital Budapest
100%
Budimpešta Capital Budapest
100%
Budapest Capital Budapest
100%
Budapešť Capital Budapest
100%
Будапешт (Budapesht) Capital Budapest
100%
Buenos Aires Capital Buenos Aires
100%
Vuenosáire Capital Buenos Aires
100%
Скопие (skopie) Language Bulgarian
100%
القاهرة (ạl̊-qāhiraẗ) Capital Cairo
100%
Caracas Capital Caracas
100%
Kɔnakri Capital Conakry
100%
Kopenhagen Capital Copenhagen
100%
Podgorica Language Croatian / Bosnian / Albanian
100%
Sarajevo Language Croatian / Montenegrin
100%
Berlín Language Czech
100%
Bratislava Language Czech / German
100%
Varšava Language Czech / Slovak
100%
Dakar Capital Dakar
100%
Berlin Language Danish / Polish / German / French / Romansh / Luxembourgish
100%
ጂቡቲ (gibuti) Capital Djibouti
100%
Riia Language Estonian
100%
Accra Language French
100%
Banjul Language French
100%
Berne Language French
100%
Bissau Language French
100%
Conakry Language French
100%
Lomé Language French
100%
Monaco Language French
100%
Monrovia Language French
100%
Niamey Language French
100%
Ouagadougou Language French
100%
Vienne Language French
100%
Asmara Language French / Afar / Somali
100%
Paris Language French / Romansh / German / Portuguese
100%
Khartoum Language French / Sango
100%
Washington D.C. Language French / Spanish
100%
Georgetown Capital Georgetown
100%
ანკარა (ank'ara) Language Georgian
100%
ერევანი (erevani) Language Georgian
100%
Bern Language German
100%
Budapest Language German
100%
Prag Language German
100%
Warschau Language German
100%
Ljubljana Language German / Croatian / Hungarian
100%
Άγκυρα (Ágkyra) Language Greek
100%
Σόφια (Sóphia) Language Greek
100%
Vuenosáire Language Guaraní
100%
Sen Domeng Language Haitian Creole
100%
ຮ່າໂນ້ຍ (hanoy) Capital Hanoi
100%
iHarare Capital Harare
100%
עמאן (ʿmʾn) Language Hebrew
100%
Helsingfors Capital Helsinki
100%
Хельсинки (Khel'sinki) Capital Helsinki
100%
इस्लामाबाद (islāmābāda) Language Hindi
100%
Bukarest Language Hungarian
100%
Londain Language Irish
100%
اسلام اباد (islam abad) Capital Islamabad
100%
इस्लामाबाद (islāmābāda) Capital Islamabad
100%
Berna Language Italian
100%
Città di San Marino Language Italian
100%
Vienna Language Italian / Romansh
100%
Vaduz Language Italian / Romansh / German / French
100%
Jakarta Capital Jakarta
100%
Jacarta Capital Jakarta
100%
جوبا (jūbā) Capital Juba
100%
Juubaa Capital Juba
100%
Djouba Capital Juba
100%
Кобул (Kobul) Capital Kabul
100%
کابل (kabul) Capital Kabul
100%
کابل (kābl) Capital Kabul
100%
Kabul Capital Kabul
100%
Бейжің (Beyzhìng) Language Kazakh
100%
Ашхабад (Ašhabad) Language Kazakh / Russian
100%
Ташкент (Taškent) Language Kazakh / Russian
100%
ካርቱም (kāretume) Capital Khartoum
100%
Kaartum Capital Khartoum
100%
Khartuum Capital Khartoum
100%
Khartoum Capital Khartoum
100%
បាងកក (bangokak) Language Khmer
100%
Kigali Capital Kigali
100%
모스크바 (Mosŭk'ŭba) Language Korean
100%
서울특별시 (Seoul) Language Korean
100%
กัวลาลัมเปอร์ (gūa lā lam bpēr) Capital Kuala Lumpur
100%
Kuala Lumpur Capital Kuala Lumpur
100%
Киев (Kiev) Capital Kyiv
100%
Kiev Capital Kyiv
100%
Kyjev Capital Kyiv
100%
ປັກກິ່ງ (pakking) Language Lao
100%
ຮ່າໂນ້ຍ (hanoy) Language Lao
100%
La Paz Capital La Paz
100%
La Pas Capital La Paz
100%
Tallina Language Latvian
100%
Lilongué Capital Lilongwe
100%
Lisboa Capital Lisbon
100%
Ljubljana Capital Ljubljana
100%
Lomé Capital Lomé
100%
Londain Capital London
100%
Lusaca Capital Lusaka
100%
Атина (Atina) Language Macedonian / Bulgarian
100%
Madrid Capital Madrid
100%
Bangkok Language Malay
100%
Jakarta Language Malay / Hiri Motu / Tok Pisin / Tetum
100%
Kuala Lumpur Language Malay / Indonesian
100%
Managua Capital Managua
100%
阿斯塔納 (ā sī tǎ nà) Language Mandarin
100%
Maseru Capital Maseru
100%
Mbabane Capital Mbabane
100%
Mebabane Capital Mbabane
100%
Ciudad de México Capital Mexico City
100%
Мінськ (Mins'k) Capital Minsk
100%
Mińsk Capital Minsk
100%
Minska Capital Minsk
100%
ሞቃድሾ (moqādǝšo) Capital Mogadishu
100%
Moqaadishoo Capital Mogadishu
100%
Mogadishu Capital Mogadishu
100%
ሞቃዲሾ (mok’adīsho) Capital Mogadishu
100%
Mogadiscio Capital Mogadishu
100%
Monaco Capital Monaco
100%
Monrovia Capital Monrovia
100%
모스크바 (Mosŭk'ŭba) Capital Moscow
100%
Moskwa Capital Moscow
100%
Maskava Capital Moscow
100%
Масква (Maskva) Capital Moscow
100%
Moskva Capital Moscow
100%
Moskova Capital Moscow
100%
Москва (Moskva) Capital Moscow
100%
Мәскеу (Mäskew) Capital Moscow
100%
Nairobi Capital Nairobi
100%
Naayiroobii Capital Nairobi
100%
Nayroobi Capital Nairobi
100%
เนปยีด (nâēyp yêēt) Capital Naypyidaw
100%
Niamɛ Capital Niamey
100%
Niamey Capital Niamey
100%
Helsingfors Language Norwegian / Swedish
100%
Nouakchott Capital Nouakchott
100%
Осло (Oslo) Capital Oslo
100%
Oslo Capital Oslo
100%
Ouagadougou Capital Ouagadougou
100%
Ciudad de Panamá Capital Panama City
100%
Paräis Capital Paris
100%
Paris Capital Paris
100%
París Capital Paris
100%
آنکارا (ānkārā) Language Persian
100%
بغداد (baghdād) Language Persian / Arabic
100%
ພະນົມເປັນ (pha nom pen) Capital Phnom Penh
100%
Podgorica Capital Podgorica
100%
Bratysława Language Polish
100%
Mińsk Language Polish
100%
Moskwa Language Polish
100%
Wilno Language Polish
100%
Assunção Language Portuguese
100%
Lusaca Language Portuguese
100%
Madrid Language Portuguese / French / Catalan / Berber
100%
Praha Capital Prague
100%
Prag Capital Prague
100%
Pretória Capital Pretoria
100%
Пхеньян (Pkhen'yan) Capital Pyongyang
100%
Rabat Capital Rabat
100%
Рига (Riga) Capital Riga
100%
Ryga Capital Riga
100%
Riia Capital Riga
100%
الرياض (al-rīāḍ) Capital Riyadh
100%
Budapesta Language Romanian
100%
Kiev Language Romanian / Moldovan
100%
Rom Capital Rome
100%
Хельсинки (Khel'sinki) Language Russian
100%
Киев (Kiev) Language Russian
100%
Осло (Oslo) Language Russian
100%
Пхеньян (Pkhen'yan) Language Russian
100%
Таллин (Tallin) Language Russian
100%
Вильнюс (Vilʹnjus) Language Russian
100%
Москва (Moskva) Language Russian / Mongolian / Ukrainian
100%
Бишкек (Bishkek) Language Russian / Tajik
100%
صَنْعَاء (ṣanْʿāʾ) Capital Sana'a
100%
San José Capital San José
100%
Città di San Marino Capital San Marino
100%
Sen Domeng Capital Santo Domingo
100%
Sarajevo Capital Sarajevo
100%
Сарајево (Sarajevo) Capital Sarajevo
100%
서울특별시 (Seoul) Capital Seoul
100%
Букурешт (Bukurešt) Language Serbian
100%
Сарајево (Sarajevo) Language Serbian
100%
Загреб (Zagreb) Language Serbian
100%
Тирана (Tirana) Language Serbian / Macedonian
100%
Скопие (skopie) Capital Skopje
100%
Skopje Capital Skopje
100%
Praha Language Slovak
100%
Σόφια (Sóphia) Capital Sofia
100%
Sofya Capital Sofia
100%
Sofia Capital Sofia
100%
Nayroobi Language Somali / Afar
100%
iHarare Language Southern Ndebele / Swazi / Xhosa / Zulu
100%
iWindhoek Language Southern Ndebele / Swazi / Xhosa / Zulu
100%
Andorra la Vieja Language Spanish
100%
Asunción Language Spanish
100%
Belmopán Language Spanish
100%
Managua Language Spanish
100%
Ciudad de México Language Spanish
100%
Ciudad de Panamá Language Spanish
100%
San José Language Spanish
100%
Tegucigalpa Language Spanish
100%
Buenos Aires Language Spanish / Aymara / Quechua
100%
París Language Spanish / Catalan
100%
Caracas Language Spanish / Portuguese
100%
La Paz Language Spanish / Portuguese
100%
Bogotá Language Spanish / Portuguese / Quechua
100%
Stockholbma Capital Stockholm
100%
Stockholm Capital Stockholm
100%
Addis Ababa Language Swahili
100%
Moskva Language Swedish / Estonian / Azerbaijani / Norwegian / Sami
100%
Oslo Language Swedish / Finnish
100%
Stockholm Language Swedish / Norwegian
100%
Tallina Capital Tallinn
100%
Таллин (Tallin) Capital Tallinn
100%
تاشکند (tashkend) Capital Tashkent
100%
تاشکند (Tášknd) Capital Tashkent
100%
Daşkent Capital Tashkent
100%
Ташкен (Tašken) Capital Tashkent
100%
Ташкент (Taškent) Capital Tashkent
100%
Tiflis Capital Tbilisi
100%
Tbilisi Capital Tbilisi
100%
Tegucigalpa Capital Tegucigalpa
100%
Թեհրան (Tʼehran) Capital Tehran
100%
Tahran Capital Tehran
100%
طهران (ṭhrān) Capital Tehran
100%
กัวลาลัมเปอร์ (gūa lā lam bpēr) Language Thai
100%
เนปยีด (nâēyp yêēt) Language Thai
100%
เวียงจันทน์ (wiāng-zhan) Language Thai
100%
Тирана (Tirana) Capital Tirana
100%
Tripoli Capital Tripoli
100%
Tunes Capital Tunis
100%
تونس (tūns) Capital Tunis
100%
Tiflis Language Turkish
100%
Erivan Language Turkish
100%
Будапешт (Budapesht) Language Ukrainian
100%
Мінськ (Mins'k) Language Ukrainian
100%
Варшава (Varšava) Language Ukrainian / Belarusian / Russian
100%
Улан-Батор (Ulán-Bátor) Capital Ulaanbaatar
100%
Vaduz Capital Vaduz
100%
Vienna Capital Vienna
100%
Vienne Capital Vienna
100%
Viedeň Capital Vienna
100%
เวียงจันทน์ (wiāng-zhan) Capital Vientiane
100%
Wilno Capital Vilnius
100%
Вільня (Vіlʹnja) Capital Vilnius
100%
Вильнюс (Vilʹnjus) Capital Vilnius
100%
Варшава (Varšava) Capital Warsaw
100%
Varšava Capital Warsaw
100%
Warschau Capital Warsaw
100%
Washington D.C. Capital Washington D.C.
100%
iWindhoek Capital Windhoek
100%
Windhoek Capital Windhoek
100%
Yamoussoukro Capital Yamoussoukro
100%
Iaundé Capital Yaoundé
100%
Yaoundé Capital Yaoundé
100%
ერევანი (erevani) Capital Yerevan
100%
İrəvan Capital Yerevan
100%
Erivan Capital Yerevan
100%
Загреб (Zagreb) Capital Zagreb
100%
عمان (ʿamãạn) Capital Amman
88%
أبوجا (ạ̉bwjạ) Language Arabic
86%
Bamako Language Berber / French
86%
דמשק (dmšq) Capital Damascus
86%
Dili Capital Dili
86%
Душанбе (Dushanbe) Capital Dushanbe
86%
דמשק (dmšq) Language Hebrew
86%
Georgetown Language Spanish / Dutch / Portuguese
86%
Yamusukuro Capital Yamoussoukro
86%
አስመራ (ʼāsemarā) Language Amharic / Tigrinya
83%
الخرطوم (ạl̊-kẖur̊ṭūm) Language Arabic
83%
مَسْقَط (mَsْqَṭ) Language Arabic
83%
صَنْعَاء (ṣanْʿāʾ) Language Arabic
83%
አስመራ (ʼāsemarā) Capital Asmara
83%
Астана (Astana) Capital Astana
83%
Братислава (Bratyslava) Capital Bratislava
83%
Dacar Capital Dakar
83%
Luxembourg Language French
83%
Rome Language French
83%
Yaoundé Language French / Sango
83%
Kigali Language French / Swahili / Kirundi
83%
Rom Language German
83%
河內市 (hé nèi shì) Capital Hanoi
83%
Kobul Capital Kabul
83%
الخرطوم (ạl̊-kẖur̊ṭūm) Capital Khartoum
83%
Kijów Capital Kyiv
83%
iLusaka Capital Lusaka
83%
Luxembourg Capital Luxembourg
83%
Bréissel Language Luxembourgish
83%
河內市 (hé nèi shì) Language Mandarin
83%
iMaputo Capital Maputo
83%
Minskas Capital Minsk
83%
مَسْقَط (mَsْqَṭ) Capital Muscat
83%
नेपीडाॅ (nepidaw) Capital Naypyidaw
83%
N'Djaména Capital N'Djamena
83%
تاشکند (Tášknd) Language Pashto
83%
Phnôm Pênh Capital Phnom Penh
83%
Kijów Language Polish
83%
Rome Capital Rome
83%
Астана (Astana) Language Russian / Kyrgyz
83%
iMaputo Language Southern Ndebele / Swazi / Xhosa / Zulu
83%
Sukri Capital Sucre
83%
Sukre Capital Sucre
83%
دوشنبه (doshanbeh) Capital Dushanbe
82%
دوشنبه (doshanbeh) Language Pashto / Persian
82%
أديس أبابا (adīs abābā') Capital Addis Ababa
80%
עמאן (ʿmʾn) Capital Amman
80%
دكار (dkạr) Language Arabic
80%
الرباط (al-rbāṭ) Language Arabic
80%
Թեհրան (Tʼehran) Language Armenian
80%
Atina Capital Athens
80%
बीजिंग (bījinga) Capital Beijing
80%
ביירות (byyrwt) Capital Beirut
80%
Beograd Capital Belgrade
80%
নয়াদিল্লি (naẏādilli) Language Bengali
80%
Berlijn Capital Berlin
80%
București Capital Bucharest
80%
Кишинів (Kyshyniv) Capital Chișinău
80%
Conakry Capital Conakry
80%
Beograd Language Croatian / Bosnian / Montenegrin
80%
دكار (dkạr) Capital Dakar
80%
Jabuuti Capital Djibouti
80%
Berlijn Language Dutch
80%
Brüssel Language German
80%
Luxemburg Language German / Dutch
80%
Τίρανα (Tírana) Language Greek
80%
Ciudad de Guatemala Capital Guatemala City
80%
ביירות (byyrwt) Language Hebrew
80%
बीजिंग (bījinga) Language Hindi
80%
काठमाण्डु (kāthmāndu) Language Hindi
80%
Berlino Language Italian
80%
काठमाण्डु (kāthmāndu) Capital Kathmandu
80%
Kinshasa Capital Kinshasa
80%
Quinxassa Capital Kinshasa
80%
베이징시 (Peijing-si) Language Korean
80%
Ryga Language Lithuanian
80%
Luxemburg Capital Luxembourg
80%
iMaseru Capital Maseru
80%
নয়াদিল্লি (naẏādilli) Capital New Delhi
80%
Pretória Language Portuguese
80%
الرباط (al-rbāṭ) Capital Rabat
80%
Riyad Capital Riyadh
80%
Рига (Riga) Language Russian
80%
iMaseru Language Southern Ndebele / Swazi / Xhosa / Zulu
80%
Ciudad de Guatemala Language Spanish
80%
تہران (Teheran) Capital Tehran
80%
Tähran Capital Tehran
80%
Τίρανα (Tírana) Capital Tirana
80%
Atina Language Turkish
80%
Кишинів (Kyshyniv) Language Ukrainian
80%
بانغي (bạngẖy) Language Arabic
78%
بانغي (bạngẖy) Capital Bangui
78%
Athina Language Albanian
75%
Prishtina Language Albanian / Montenegrin
75%
عمان (ʿamãạn) Language Arabic
75%
القدس (ạl̊-qud̊s) Language Arabic
75%
مدينة الكويت (madīnaẗ ạl̊-kūaẙti) Language Arabic
75%
عشق‌آباد (eshgh-ābād') Capital Ashgabat
75%
Astana Capital Astana
75%
Bağdat Capital Baghdad
75%
Кіеў (Kiyew) Language Belarusian
75%
Ṛṛbaṭ Language Berber
75%
Brazzaville Capital Brazzaville
75%
Brussel Capital Brussels
75%
Будимпешта (Budimpešta) Capital Budapest
75%
Chișinău Capital Chișinău
75%
Brussel Language Dutch
75%
Parijs Language Dutch
75%
Freetown Capital Freetown
75%
Yamoussoukro Language French
75%
Brazzaville Language French / Sango
75%
Libreville Language French / Spanish / Portuguese
75%
ហាណូយ (hanauy) Capital Hanoi
75%
Zágráb Language Hungarian
75%
Roma Language Italian / Romansh
75%
加德滿都 (jiā dé mǎn dū) Capital Kathmandu
75%
Мәскеу (Mäskew) Language Kazakh
75%
ហាណូយ (hanauy) Language Khmer
75%
مدينة الكويت (madīnaẗ ạl̊-kūaẙti) Capital Kuwait City
75%
Кіеў (Kiyew) Capital Kyiv
75%
ບາງກອກ (bangkok) Language Lao
75%
ພະນົມເປັນ (pha nom pen) Language Lao
75%
Viļņa Language Latvian
75%
Libreville Capital Libreville
75%
Lima Capital Lima
75%
Lusaka Capital Lusaka
75%
Malabo Capital Malabo
75%
加德滿都 (jiā dé mǎn dū) Language Mandarin
75%
奈比多 (nài bǐ duō) Language Mandarin
75%
Tirana Language Montenegrin / Albanian
75%
奈比多 (nài bǐ duō) Capital Naypyidaw
75%
Parijs Capital Paris
75%
عشق‌آباد (eshgh-ābād') Language Persian
75%
Praga Capital Prague
75%
Prishtina Capital Pristina
75%
Ṛṛbaṭ Capital Rabat
75%
Chișinău Language Romanian
75%
Sofia Language Romanian
75%
Roma Capital Rome
75%
Улан-Батор (Ulán-Bátor) Language Russian
75%
Viedeň Language Slovak
75%
Lima Language Spanish / Portuguese / Aymara
75%
Кобул (Kobul) Language Tajik
75%
Tehran Capital Tehran
75%
Tirana Capital Tirana
75%
Bağdat Language Turkish
75%
Sofya Language Turkish
75%
Astana Language Turkmen
75%
Viļņa Capital Vilnius
75%
Vinduque Capital Windhoek
75%
Zágráb Capital Zagreb
75%
ጁባ (gubā) Language Amharic / Tigrinya
71%
Ostona Capital Astana
71%
بیجنګ (beejng) Capital Beijing
71%
Harare Capital Harare
71%
ጁባ (gubā) Capital Juba
71%
新德里 (xīn dé lǐ) Language Mandarin
71%
新德里 (xīn dé lǐ) Capital New Delhi
71%
Подгорица (Podgorica) Capital Podgorica
71%
Harare Language Portuguese / Afrikaans / Northern Sotho / Sotho / Tsonga / Tswana / Venda
71%
Brüssel Capital Brussels
70%
أبو ظبي (ạảbū ẓab̊y) Capital Abu Dhabi
67%
Addis-Abeba Capital Addis Ababa
67%
Mogadishu Language Afar / Swahili
67%
Shkupi Language Albanian
67%
Alger Capital Algiers
67%
أبو ظبي (ạảbū ẓab̊y) Language Arabic
67%
مدريد (mdryd) Language Arabic
67%
نيامي (nyāmy) Language Arabic
67%
عشق آباد (ashaq abad) Capital Ashgabat
67%
Asmaraa Capital Asmara
67%
Asunción Capital Asunción
67%
Sukri Language Aymara
67%
Tbilisi Language Azerbaijani
67%
Bandar Seri Begawan Capital Bandar Seri Begawan
67%
ဘန်ကောက် (bhaan kout) Capital Bangkok
67%
Пекин (Pekin) Capital Beijing
67%
པེ་ཅིང་། (pe cing) Capital Beijing
67%
Рыга (Ryha) Language Belarusian
67%
Београд (Beograd) Capital Belgrade
67%
Brasilia Capital Brasília
67%
Brazavile Capital Brazzaville
67%
Букурещ (Bukurešt) Capital Bucharest
67%
ဘန်ကောက် (bhaan kout) Language Burmese
67%
Cidade do Cabo Capital Cape Town
67%
Cape Town Capital Cape Town
67%
Cotonou Capital Cotonou
67%
ढाका (ḍhākā) Capital Dhaka
67%
Gabuuti Capital Djibouti
67%
杜尚别 (dù shàng bié) Capital Dushanbe
67%
Luanda Language French
67%
Alger Language French / Bambara
67%
მოსკოვი (mosk’ovi) Language Georgian
67%
Kopenhagen Language German
67%
Sukre Language Guaraní
67%
ढाका (ḍhākā) Language Hindi
67%
नेपीडाॅ (nepidaw) Language Hindi
67%
اسلام‌آباد (eslam-ābād) Capital Islamabad
67%
Città del Vaticano Language Italian
67%
Juba Capital Juba
67%
Kampala Capital Kampala
67%
평양시 (P'yŏngyang-si) Language Korean
67%
Kuweyt Capital Kuwait City
67%
ເນປິດໍ (nepidoh) Language Lao
67%
Minskas Language Lithuanian
67%
Maskva Language Lithuanian
67%
Luanda Capital Luanda
67%
مدريد (mdryd) Capital Madrid
67%
Port Moresby Language Malay (Indonesian)
67%
杜尚别 (dù shàng bié) Language Mandarin
67%
廷布 (tíng bù) Language Mandarin
67%
iMbabane Capital Mbabane
67%
Muqdisho Capital Mogadishu
67%
Бээжин (Beejin) Language Mongolian
67%
Maskva Capital Moscow
67%
მოსკოვი (mosk’ovi) Capital Moscow
67%
ເນປິດໍ (nepidoh) Capital Naypyidaw
67%
عشق آباد (ashaq abad) Language Pashto
67%
اسلام اباد (islam abad) Language Pashto
67%
اسلام‌آباد (eslam-ābād) Language Persian
67%
کابل (kābl) Language Persian
67%
Port Moresby Capital Port Moresby
67%
Cidade do Cabo Language Portuguese
67%
평양시 (P'yŏngyang-si) Capital Pyongyang
67%
Quito Capital Quito
67%
Рыга (Ryha) Capital Riga
67%
Rim Capital Rome
67%
Пекин (Pekin) Language Russian / Kyrgyz / Tajik
67%
Београд (Beograd) Language Serbian
67%
Shkupi Capital Skopje
67%
Rim Language Slovene
67%
iMbabane Language Southern Ndebele / Swazi / Xhosa / Zulu
67%
Quito Language Spanish
67%
Brasilia Language Spanish / Aymara / Quechua / French / Dutch
67%
Sucre Language Spanish / Portuguese
67%
Sucre Capital Sucre
67%
廷布 (tíng bù) Capital Thimphu
67%
Bakü Language Turkish
67%
Братислава (Bratyslava) Language Ukrainian
67%
Città del Vaticano Capital Vatican City
67%
Phnôm Pênh Language Vietnamese
67%
Paramaribo Capital Paramaribo
63%
Stockholbma Language Sámi
63%
Maputo Language Afrikaans / Northern Sotho / Sotho / Tsonga / Tswana / Venda / Shona / Chewa / Swahili
60%
Emman Capital Amman
60%
أنقرة (ạảnaq̊raẗ) Capital Ankara
60%
أديس أبابا (adīs abābā') Language Arabic
60%
أنقرة (ạảnaq̊raẗ) Language Arabic
60%
Vrasília Capital Brasília
60%
Pozsony Capital Bratislava
60%
Bruxelles Capital Brussels
60%
Budimpešta Language Croatian / Slovene
60%
Dushanbe Capital Dushanbe
60%
Bruxelles Language French
60%
Djouba Language French
60%
Saint-Domingue Language French
60%
Kinshasa Language French / Sango / Swahili / Kinyarwanda / Kirundi
60%
Pozsony Language Hungarian
60%
Lubiana Language Italian
60%
Minska Language Latvian
60%
Lubiana Capital Ljubljana
60%
莫斯科 (mò sī kē) Language Mandarin
60%
Maputo Capital Maputo
60%
București Language Moldovan
60%
莫斯科 (mò sī kē) Capital Moscow
60%
نئی دہلی (nayi dilli) Capital New Delhi
60%
تهران (thrān) Language Pashto / Persian
60%
Belgrad Language Romanian
60%
Тбилиси (Tbilisi) Language Russian
60%
Saint-Domingue Capital Santo Domingo
60%
Jabuuti Language Somali
60%
Тошканд (Toškand) Language Tajik
60%
Тошканд (Toškand) Capital Tashkent
60%
Тбилиси (Tbilisi) Capital Tbilisi
60%
تهران (thrān) Capital Tehran
60%
Kabul Language Turkmen
60%
Gitega Capital Gitega
57%
Душанбе (Dushanbe) Language Kyrgyz
57%
بیجنګ (beejng) Language Pashto
57%
Puerto Príncipe Capital Port-au-Prince
57%
Подгорица (Podgorica) Language Serbian
57%
Budapešť Language Slovak
57%
Puerto Príncipe Language Spanish
57%
Ostona Language Uzbek
57%
Bandar Seri Begawan Language Malay
56%
Addis Abeba Capital Addis Ababa
50%
Mbabane Language Afrikaans / Northern Sotho / Sotho / Tsonga / Tswana / Venda
50%
Sofja Language Albanian
50%
الجزائر (āl-jzā'ir) Capital Algiers
50%
Dzayr Capital Algiers
50%
Andorre-la-Vieille Capital Andorra la Vella
50%
Анкара (Ankara) Capital Ankara
50%
الجزائر (āl-jzā'ir) Language Arabic
50%
أسمرة (ạảsamaraẗ) Language Arabic
50%
دمشق (dimasẖ̊q) Language Arabic
50%
الدوحة (ạl-dãẘḥaẗ) Language Arabic
50%
طرابلس (ṭrābls) Language Arabic
50%
ياوندي (yāwndy) Language Arabic
50%
Թբիլիսի (Tʼbilisi) Language Armenian
50%
أسمرة (ạảsamaraẗ) Capital Asmara
50%
Asunsyun Language Aymara
50%
Ankara Language Azerbaijani
50%
ბაქო (bako) Capital Baku
50%
Bangui Capital Bangui
50%
پکن (pekan) Capital Beijing
50%
Масква (Maskva) Language Belarusian
50%
নেপিডো (Nēpiḍō) Language Bengali
50%
Анкара (Ankara) Language Bulgarian
50%
Белград (Belgrad) Language Bulgarian / Macedonian
50%
ပေကျင်း (pay kyinn) Language Burmese
50%
နယူးဒေလီမြို့ (nayudelimyo) Language Burmese
50%
קהיר (qhyr) Capital Cairo
50%
دمشق (dimasẖ̊q) Capital Damascus
50%
ጅቡቲ (gebuti) Capital Djibouti
50%
Moskova Language Finnish
50%
Abuja Language French
50%
Andorre-la-Vieille Language French
50%
Freetown Language French
50%
Cotonou Language French
50%
Porto-Novo Language French
50%
Tripoli Language French
50%
iGaborone Capital Gaborone
50%
Gaborone Capital Gaborone
50%
ბაქო (bako) Language Georgian
50%
Wien Language German
50%
La Pas Language Guaraní
50%
קהיר (qhyr) Language Hebrew
50%
थिम्फू (Thimfu) Language Hindi
50%
Parigi Language Italian
50%
القدس (ạl̊-qud̊s) Capital Jerusalem
50%
喀布尔 (kā bù ěr) Capital Kabul
50%
Tehran Language Kurdish / Azerbaijani
50%
Varšuva Language Lithuanian
50%
比什凯克 (bǐ shén kǎi kè) Language Mandarin
50%
喀布尔 (kā bù ěr) Language Mandarin
50%
永珍 (yǒng zhēn) Language Mandarin
50%
Минск (Minsk) Capital Minsk
50%
Montevidéu Capital Montevideo
50%
নেপিডো (Nēpiḍō) Capital Naypyidaw
50%
انجمينا (ān-ǧmynā) Capital N'Djamena
50%
नयाँ दिल्ली (naya dilli) Language Nepali
50%
နယူးဒေလီမြို့ (nayudelimyo) Capital New Delhi
50%
नयाँ दिल्ली (naya dilli) Capital New Delhi
50%
نيامي (nyāmy) Capital Niamey
50%
Asmaraa Language Oromo
50%
Parigi Capital Paris
50%
پکن (pekan) Language Persian
50%
ایروان (ēirvān) Language Persian
50%
พนมเปญ (pá-nom-bpeen) Capital Phnom Penh
50%
Praga Language Polish
50%
Porto-Novo Capital Porto-Novo
50%
Jacarta Language Portuguese
50%
Lilongué Language Portuguese
50%
Mebabane Language Portuguese
50%
Montevidéu Language Portuguese
50%
Vinduque Language Portuguese
50%
Iaundé Language Portuguese
50%
Pretoria Capital Pretoria
50%
Приштина (Priština) Capital Pristina
50%
Chuqichaka Language Quechua
50%
Минск (Minsk) Language Russian
50%
San Salvador Capital San Salvador
50%
Будимпешта (Budimpešta) Language Serbian
50%
Софија (sofija) Language Serbian / Macedonian
50%
Kyjev Language Slovak
50%
Sofja Capital Sofia
50%
Софија (sofija) Capital Sofia
50%
Khartuum Language Somali
50%
Muqdisho Language Somali
50%
Pretoria Language Sotho / Shona / Tswana
50%
Lisboa Language Spanish
50%
Rabat Language Spanish
50%
San Salvador Language Spanish
50%
Nairobi Language Swahili
50%
Թբիլիսի (Tʼbilisi) Capital Tbilisi
50%
พนมเปญ (pá-nom-bpeen) Language Thai
50%
थिम्फू (Thimfu) Capital Thimphu
50%
Lusaka Language Tswana / French / Chewa / Swahili / Shona
50%
Bloemfontein Language Tswana / Portuguese / Shona
50%
Бухарест (Bukharest) Language Ukrainian
50%
بیجنگ (beijing) Language Urdu
50%
Wien Capital Vienna
50%
Viêng Chăn Capital Vientiane
50%
永珍 (yǒng zhēn) Capital Vientiane
50%
Viêng Chăn Language Vietnamese
50%
Varšuva Capital Warsaw
50%
ياوندي (yāwndy) Capital Yaoundé
50%
نواكشوط (nwākšwṭ) Language Arabic
43%
Dili Language Indonesian
43%
نواكشوط (nwākšwṭ) Capital Nouakchott
43%
باکو (bākō) Capital Baku
40%
Kijev Language Hungarian
40%
Kijev Capital Kyiv
40%
Ташкен (Tašken) Language Kyrgyz
40%
Montevideo Capital Montevideo
40%
باکو (bākō) Language Persian
40%
تاشکند (tashkend) Language Persian
40%
Quinxassa Language Portuguese
40%
Montevideo Language Spanish
40%
نئی دہلی (nayi dilli) Language Urdu
40%
تہران (Teheran) Language Urdu
40%
Paramaribo Language French / Portuguese
38%
ایروان (ēirvān) Capital Yerevan
38%
Juba Language Afar / Somali / Swahili / Sango
33%
Enqere Capital Ankara
33%
مقديشو (mqdyšw) Language Arabic
33%
Chuqi Yapu Language Aymara
33%
Бішкек (Bishkek) Capital Bishkek
33%
Букурещ (Bukurešt) Language Bulgarian
33%
iKapa Capital Cape Town
33%
الدوحة (ạl-dãẘḥaẗ) Capital Doha
33%
པེ་ཅིང་། (pe cing) Language Dzongkha
33%
གནས་དར་གསར (Nés Dar Sar) Language Dzongkha
33%
Addis-Abeba Language French
33%
N'Djaména Language French
33%
Nouakchott Language French / Bambara
33%
Bécs Language Hungarian
33%
Бішкек (Bishkek) Language Kazakh
33%
Chuqi Yapu Capital La Paz
33%
乌兰巴托 (wū lán bā tuō) Language Mandarin
33%
གནས་དར་གསར (Nés Dar Sar) Capital New Delhi
33%
iPitoli Language Northern Ndebele
33%
Dacar Language Portuguese
33%
iPitoli Capital Pretoria
33%
Asunsiyun Language Quechua
33%
Kitu Capital Quito
33%
Skopje Language Romanian
33%
Приштина (Priština) Language Serbian / Macedonian
33%
Gaborone Language Shona / Afrikaans / Northern Sotho / Sotho / Tsonga / Tswana / Venda
33%
Kampala Language Swahili / French / Kinyarwanda
33%
ጂቡቲ (gibuti) Language Tigrinya
33%
Cape Town Language Tswana / Swazi / Shona
33%
Tahran Language Turkish
33%
Daşkent Language Turkmen
33%
乌兰巴托 (wū lán bā tuō) Capital Ulaanbaatar
33%
کابل (kabul) Language Urdu
33%
Kobul Language Uzbek
33%
Bécs Capital Vienna
33%
Gitega Language French / Kinyarwanda / Swahili
29%
Kɔnakri Language Bambara
25%
Bắc Kinh Capital Beijing
25%
比什凯克 (bǐ shén kǎi kè) Capital Bishkek
25%
Mangaung Capital Bloemfontein
25%
ဗီယင်ကျန် (bīyaṅakyaan) Language Burmese
25%
Motse Kapa Capital Cape Town
25%
Bangui Language French
25%
Malabo Language French
25%
Helsset Capital Helsinki
25%
Jamena Capital N'Djamena
25%
बेइजिङ (bēijina) Language Nepali
25%
Helsset Language Sámi
25%
Dunaj Language Slovene
25%
Addis Abeba Language Somali
25%
Mangaung Language Sotho
25%
Motse Kapa Language Sotho
25%
طرابلس (ṭrābls) Capital Tripoli
25%
Bishkek Language Uzbek
25%
Dunaj Capital Vienna
25%
Bắc Kinh Language Vietnamese
25%
نيروبي (nyrwby) Language Arabic
22%
نيروبي (nyrwby) Capital Nairobi
22%
Şam Capital Damascus
20%
Vrasília Language Guaraní
20%
伊斯兰堡 (yī sī lán bǎo) Capital Islamabad
20%
Emman Language Kurdish
20%
Paräis Language Luxembourgish
20%
伊斯兰堡 (yī sī lán bǎo) Language Mandarin
20%
Şam Language Turkish / Kurdish
20%
Tähran Language Turkmen
20%
Dushanbe Language Uzbek
20%
Enqere Language Kurdish
17%
iLusaka Language Northern Ndebele
17%
Brazavile Language Portuguese
17%
Yamusukuro Language Bambara
14%
Gabuuti Language Afar
0%
ጅቡቲ (gebuti) Language Amharic
0%
ናይሮቢ (nāyǝrobi) Language Amharic / Tigrinya
0%
Amsterdam Capital Amsterdam
0%
Ashxobod Capital Ashgabat
0%
Wukuta Language Aymara
0%
Kitu Language Aymara / Quechua
0%
Баку (Baku) Capital Baku
0%
Niamɛ Language Bambara
0%
Wagadugu Language Bambara
0%
Belgrád Capital Belgrade
0%
Dzayr Language Berber
0%
Nijami Language Berber
0%
Nawākšūṭ Language Berber
0%
Ṭrables Language Berber
0%
Wukuta Capital Bogotá
0%
ဒါကာ (dar-kar) Language Burmese
0%
Conacri Capital Conakry
0%
Vídeň Language Czech
0%
ဒါကာ (dar-kar) Capital Dhaka
0%
Jibuutii Capital Djibouti
0%
Dodoma Capital Dodoma
0%
Tukholma Language Finnish
0%
Mogadiscio Language French
0%
Amsterdam Language German / Dutch / French
0%
Σκόπια ( Skópia) Language Greek
0%
Belgrád Language Hungarian
0%
វៀងច័ន្ទន៍ (Vieng Chan) Language Khmer
0%
Kuweyt Language Kurdish
0%
Riyad Language Kurdish
0%
Chuqiyapu Capital La Paz
0%
Maskava Language Latvian
0%
Lilongwe Capital Lilongwe
0%
Limaq Capital Lima
0%
平壤市 (píng rǎng shì) Language Mandarin
0%
مقديشو (mqdyšw) Capital Mogadishu
0%
ናይሮቢ (nāyǝrobi) Capital Nairobi
0%
Nijami Capital Niamey
0%
iKapa Language Northern Ndebele
0%
iGaborone Language Northern Ndebele / Southern Ndebele / Swazi / Xhosa / Zulu
0%
Nawākšūṭ Capital Nouakchott
0%
Jibuutii Language Oromo
0%
Juubaa Language Oromo
0%
Kaartum Language Oromo
0%
Moqaadishoo Language Oromo
0%
Naayiroobii Language Oromo
0%
Wagadugu Capital Ouagadougou
0%
Conacri Language Portuguese
0%
Pitoli Capital Pretoria
0%
平壤市 (píng rǎng shì) Capital Pyongyang
0%
Chuqiyapu Language Quechua
0%
Limaq Language Quechua
0%
Баку (Baku) Language Russian
0%
Jamena Language Sango
0%
Скопље (skoplje) Language Serbian
0%
Σκόπια ( Skópia) Capital Skopje
0%
Скопље (skoplje) Capital Skopje
0%
Zagreb Language Slovene / Bosnian / Montenegrin
0%
Yaundé Language Spanish
0%
Tukholma Capital Stockholm
0%
Chuqichaka Capital Sucre
0%
Lilongwe Language Swahili
0%
Dodoma Language Swahili / Portuguese / Chewa / French / Kirundi / Kinyarwanda
0%
Pitoli Language Swazi
0%
iBloemfonteni Language Swazi / Northern Ndebele
0%
ኣዲስ ኣበባ (ʼādise ʼābabā) Language Tigrinya
0%
ሞቃድሾ (moqādǝšo) Language Tigrinya
0%
Ṭrables Capital Tripoli
0%
O nama Language Tswana
0%
Ashxobod Language Uzbek
0%
Bishkek Capital Uzbek
0%
Vídeň Capital Vienna
0%
ဗီယင်ကျန် (bīyaṅakyaan) Capital Vientiane
0%
វៀងច័ន្ទន៍ (Vieng Chan) Capital Vientiane
0%
O nama Capital Windhoek
0%
Yaundé Capital Yaoundé
0%
Zagreb Capital Zagreb
0%
No matching quizzes found
Score Distribution
Percent of People with Each Score
Percentile by Number Answered
Your Score History
You have not taken this quiz since the last reset